000 00514nam a2200145Ia 4500
008 170224s9999 xx 000 0 und d
100 _aMargareta Maria Thomson
245 _aBeliefs systems and classroom practices: Identified typologies of elementary school teachers from the United States
245 _cMargareta Maria Thomson & John L. Nietfeld
260 _bThe Journal of Educational Research
260 _c2016
300 _a109:4, Pages: 360-374
650 _xEducation
650 _xSpecial Education
999 _c315656
_d315656